00331nam a2200121Ia 4500008004100000020002200041041000800063082002800071100002100099245004300120260003700163300000900200230411s9999 xx 000 0 und d a978-93-5025-136-2 aeng aMS/610.73677/BAS/B06799 aBasavanthappa BT aEssentials of Medical Surgical Nursing bJaypee BrothersaBangalorec2011 a808p